MARC details
| 000 -LEADER |
| fixed length control field |
02834nam a2200325 a 4500 |
| 008 - FIXED-LENGTH DATA ELEMENTS--GENERAL INFORMATION |
| fixed length control field |
190514s2016 ||||||||||||||||| || u |
| 020 ## - INTERNATIONAL STANDARD BOOK NUMBER |
| International Standard Book Number |
9781783606238 |
| 050 ## - LIBRARY OF CONGRESS CALL NUMBER |
| Classification number |
HC 79 Dev |
| 100 ## - MAIN ENTRY--PERSONAL NAME |
| Personal name |
Ottemoller, Fungisai P. Gwanzura |
| 245 10 - TITLE STATEMENT |
| Title |
Development and sustainability : the challenge of social change |
| Statement of responsibility, etc. |
edited by Fungisai Gwanzura Ottemöller; Maurice Mittelmark; Gro Therese Lie; Alberto Cimadamore. |
| 260 ## - PUBLICATION, DISTRIBUTION, ETC. |
| Place of publication, distribution, etc. |
London |
| Name of publisher, distributor, etc. |
Zed Books |
| Date of publication, distribution, etc. |
2016 |
| 300 ## - PHYSICAL DESCRIPTION |
| Extent |
ix, 182 pages, : illustrations |
| 338 ## - |
| -- |
online resource |
| -- |
rdacarrier |
| 490 ## - |
| -- |
International studies in poverty research |
| 500 ## - GENERAL NOTE |
| General note |
. |
| 505 ## - |
| -- |
Foreword by Dag Rune Olsen 1. Development and Sustainability Science: Transdisciplinary Knowledge for Positive Social Change - Alberto D. Cimadamore, Fungisai P. Gwanzura Ottemöller, Gro Therese Lie and Maurice B. Mittelmark 2. Seeking Wisdom: A Transdisciplinary Perspective on Australian Indigenous Practices and Planetary Management - Mark G. Edwards 3. Policies for Poverty Reduction in a Transformative Green Economy - Enrique Delamonica 4. Health Promotion and Sustainable Development in Kazakhstan - Altyn Aringazina 5. Children's Literacy in Health and Sustainability - Neil Chadborn and Jane Springett 6. Participatory Research as a Tool for Change in Ecosystem Approaches to Health and Social Equity - Jane Springett 7. Connecting Development and Sustainability: Empowering People to Effective International Cooperation - Cristine Koehler Zanella 8. Sustainability and Transdisciplinary Knowledge: Experience Gained and Challenges Ahead - Gro Therese Lie, Alberto D. Cimadamore, Maurice B. Mittelmark and Fungisai P. Gwanzura Ottemöller; |
| 650 #0 - SUBJECT ADDED ENTRY--TOPICAL TERM |
| Topical term or geographic name entry element |
SUSTAINABILITY |
| 650 #0 - SUBJECT ADDED ENTRY--TOPICAL TERM |
| Topical term or geographic name entry element |
ECONOMIC DEVELOPMENT |
| 650 #0 - SUBJECT ADDED ENTRY--TOPICAL TERM |
| Topical term or geographic name entry element |
ECONOMIC ASSISTANCE |
| 700 ## - ADDED ENTRY--PERSONAL NAME |
| Personal name |
Lie, Gro Therese |
| 700 ## - ADDED ENTRY--PERSONAL NAME |
| Personal name |
Mittelmark, Maurice B |
| 700 ## - ADDED ENTRY--PERSONAL NAME |
| Personal name |
Cimadamore, Alberto D |
| 995 ## - |
| -- |
KAPASA MAKASA LIBRARY OPEN ACCESS |
| -- |
749278 |
| -- |
CBU-KAPASA MAKASA LIBRARY (Chinsali) |
| -- |
35.10 |
| -- |
HC 79 Dev |
| -- |
4 |
| -- |
AVAILABLE |
| -- |
May 29, 2019 |
| -- |
749278 |
| -- |
Kapasa Makasa Library Open Acess Collection |
| 995 ## - |
| -- |
MAIN LIBRARY OPEN ACCESS |
| -- |
35.70 |
| -- |
748965 |
| -- |
CBU-MAIN LIBRARY (Kitwe) |
| -- |
HC 79 Dev |
| -- |
2 |
| -- |
AVAILABLE |
| -- |
May 14, 2019 |
| -- |
748965 |
| -- |
Main Library Open Access Collection |
| 995 ## - |
| -- |
KAPASA MAKASA LIBRARY OPEN ACCESS |
| -- |
749279 |
| -- |
CBU-KAPASA MAKASA LIBRARY (Chinsali) |
| -- |
35.10 |
| -- |
HC 79 Dev |
| -- |
5 |
| -- |
AVAILABLE |
| -- |
May 29, 2019 |
| -- |
749279 |
| -- |
Kapasa Makasa Library Open Acess Collection |
| 995 ## - |
| -- |
MAIN LIBRARY OPEN ACCESS |
| -- |
35.70 |
| -- |
748964 |
| -- |
CBU-MAIN LIBRARY (Kitwe) |
| -- |
HC 79 Dev |
| -- |
1 |
| -- |
AVAILABLE |
| -- |
May 14, 2019 |
| -- |
748964 |
| -- |
Main Library Open Access Collection |
| 995 ## - |
| -- |
MAIN LIBRARY OPEN ACCESS |
| -- |
35.70 |
| -- |
748966 |
| -- |
CBU-MAIN LIBRARY (Kitwe) |
| -- |
HC 79 Dev |
| -- |
3 |
| -- |
AVAILABLE |
| -- |
May 14, 2019 |
| -- |
748966 |
| -- |
Main Library Open Access Collection |
| 999 ## - |
| -- |
63489 |
| -- |
63489 |